Statistics for Countries that use the Pound

Click here to take the quiz!

General Stats

  • This quiz has been taken 29 times
  • The average score is 2 of 6

Answer Stats

Country% Correct
United Kingdom
97%
Egypt
38%
Sudan
31%
South Sudan
28%
Lebanon
21%
Syria
17%

Score Distribution

Percentile by Number Answered

Percent of People with Each Score

Your Score History

You have not taken this quiz